| 000 | 00429nam a2200157Ia 4500 | ||
|---|---|---|---|
| 008 | 210716s2009 xx 000 0 und d | ||
| 020 | _a9780070656819 | ||
| 041 | _aeng | ||
| 082 | _a332.415 DUNB | ||
| 100 | _aDun;Bradstreet. | ||
| 245 | _aWealth management. | ||
| 250 | _a1 | ||
| 260 |
_aNew Delhi _bTata McGraw Hill Publishing Company Ltd _c2009 |
||
| 300 | _aix,144 | ||
| 650 | _aInvestment Analysis & Portfolio Management | ||
| 999 |
_c204717 _d204717 |
||